Hacia una teología del trabajo

Salvato in:
Dettagli Bibliografici
Autore principale: Chenu, Marie-Dominique (Autore)
Natura: Libro
Lingua:spagnolo
Pubblicazione: Barcelona Estela 1960
Soggetti:
Tags: Aggiungi Tag
Nessun Tag, puoi essere il primo ad aggiungerne!!

MARC

LEADER 00000nam a2200000 a 4500
001 UCL1716
003 CL-VaPUC
008 030926e19600000SP |||||||||||||||||spa|d
082 0 4 |a 291.1785  |b CHE  |2 21 
100 0 |a Chenu, Marie-Dominique  |e author  |9 478541 
245 1 0 |a Hacia una teología del trabajo 
300 |a 106 p 
942 |c BK 
945 |d 20030926 00:00:00  |a rbrito 
260 |a Barcelona  |b Estela  |c 1960 
650 0 |a Trabajo  |9 313876 
650 0 |a Economía laboral   |9 358958 
650 0 |a Religión y trabajo  |9 478542 
583 |a last modification  |c 20120502 11:04:46  |k Rodrigo Vera 
999 |c 305157  |d 305155 
952 |0 0  |1 0  |4 0  |6 291_178500000000000_CHE_1960  |7 0  |8 A  |9 368249  |a BIBTEO  |b BIBTEO  |d 2019-11-21  |i 2081628  |o 291.1785 CHE 1960  |p 2081628  |r 2024-01-18  |w 2019-11-21  |y BK  |k ICR